Experimental and theoretical geophysics. an induction magnetometer, a portable drill, and a computer program / Measurement of the remanent magnetization of igneous rocks :

Bibliographic Details
Main Authors: Doell, Richard R. (Author), Cox, Allan, 1926-1987 (Author)
Format: Government Document eBook
Language:English
Published: [Washington, D.C.] : United States Department of the Interior, Geological Survey, 1965.
Series:Geological Survey bulletin ; 1203-A.
Subjects:
Online Access:https://purl.fdlp.gov/GPO/gpo65556

MARC

Tag First Indicator Second Indicator Subfields
LEADER 00000cam a2200000Ii 4500
001 in00003801746
005 20211120173851.0
006 m o d f
007 cr bn|||||||||
008 140926s1965 dcua ob f000 0 eng d
035 |a (OCoLC)ocn891383513 
040 |a COP  |b eng  |e rda  |e pn  |c COP  |d OCLCO  |d OCLCF  |d GPO  |d MvI  |d UtOrBLW 
049 |a WWW 
074 |a 0620 (online) 
086 0 |a I 19.3:1203-A 
100 1 |a Doell, Richard R.,  |e author. 
245 1 0 |a Experimental and theoretical geophysics.  |p Measurement of the remanent magnetization of igneous rocks :  |b an induction magnetometer, a portable drill, and a computer program /  |c by Richard R. Doell and Allan Cox. 
246 3 0 |a Measurement of the remanent magnetization of igneous rocks :  |b an induction magnetometer, a portable drill, and a computer program 
264 1 |a [Washington, D.C.] :  |b United States Department of the Interior, Geological Survey,  |c 1965. 
264 2 |a Washington :  |b United States Government Printing Office 
300 |a 1 online resource (32 pages) :  |b illustrations. 
336 |a text  |b txt  |2 rdacontent 
337 |a computer  |b c  |2 rdamedia 
338 |a online resource  |b cr  |2 rdacarrier 
490 1 |a Geological Survey bulletin ;  |v 1203-A 
500 |a Title from title screen (viewed September 15, 2014). 
504 |a Includes bibliographical references (page 32). 
650 0 |a Geomagnetism.  |0 http://id.loc.gov/authorities/subjects/sh85079763 
650 0 |a Igneous rocks.  |0 http://id.loc.gov/authorities/subjects/sh85114769 
650 0 |a Magnetometers  |x Data processing. 
650 7 |a Geomagnetism.  |2 fast  |0 (OCoLC)fst00940796 
650 7 |a Igneous rocks.  |2 fast  |0 (OCoLC)fst01756663 
650 7 |a Magnetometers  |x Data processing.  |2 fast  |0 (OCoLC)fst01725761 
700 1 |a Cox, Allan,  |d 1926-1987,  |e author.  |0 http://id.loc.gov/authorities/names/n84041816 
710 2 |a Geological Survey (U.S.),  |e issuing body.  |0 http://id.loc.gov/authorities/names/n80092173 
776 0 8 |i Print version:  |a Doell, Richard R.  |t Measurement of the remanent magnetization of igneous rocks  |w (OCoLC)4032175 
830 0 |a Geological Survey bulletin ;  |v 1203-A.  |0 http://id.loc.gov/authorities/names/n42012100 
856 4 0 |u https://purl.fdlp.gov/GPO/gpo65556  |t 0 
999 f f |s 1c6fa068-f1a0-3ba9-9e1b-743060e09699  |i f2b7f375-a232-3ffe-9755-74dc69de8f1b  |t 0 
952 f f |a Texas A&M University  |b College Station  |c Electronic Resources  |d Available Online  |t 0  |e I 19.3:1203-A  |h Superintendent of Documents classification 
998 f f |a I 19.3:1203-A  |t 0  |l Available Online